[Event "POR-ch Seniors 65+"]
[Site "Luso"]
[Date "2017.04.11"]
[Round "4"]
[White "Viana, Eduardo Escudeiro"]
[Black "Campos, Carlos Alberto Vieg"]
[Result "1-0"]
[WhiteElo "1562"]
[BlackElo "1571"]
[PlyCount "71"]
[EventDate "2017.04.09"]
[EventType "swiss"]
[EventRounds "5"]
[EventCountry "POR"]
[SourceTitle "EXT 2018"]
[Source "ChessBase"]
[SourceDate "2017.10.13"]
[SourceVersion "1"]
[SourceVersionDate "2017.10.13"]
[SourceQuality "1"]

1. b3 Nf6 2. Bb2 c5 3. c4 Nc6 4. Nf3 d6 5. g3 g6 6. Bg2 Bg7 7. 0-0 0-0 8. d3 Bd7 9. h3 Qc8 10. Kh2 Rb8 11. Nc3 a6 12. Rb1 b5 13. a3 bxc4 14. bxc4 Ne8 15. Qc2 Nd4 16. Nxd4 cxd4 17. Nd5 e6 18. Ne7+ Kh8 19. Nxc8 Rxc8 20. e3 e5 21. exd4 f5 22. d5 f4 23. Be4 Nf6 24. Bc3 Bh6 25. Bb4 fxg3+ 26. fxg3 Nxe4 27. Rxf8+ Rxf8 28. dxe4 Be3 29. Be1 Rf1 30. Qg2 Bg1+ 31. Qxg1 Rxg1 32. Kxg1 Bxh3 33. Rb6 Bg4 34. Rxd6 Bf3 35. Rxa6 Bxe4 36. Ra5 1-0

[Event "Famalicao op 3rd"]
[Site "Famalicao"]
[Date "2015.08.04"]
[Round "4"]
[White "Romano, Joao Manuel Pereira"]
[Black "Viana, Eduardo Escudeiro"]
[Result "1-0"]
[WhiteElo "1775"]
[BlackElo "1587"]
[PlyCount "51"]
[EventDate "2015.08.02"]
[EventType "swiss"]
[EventRounds "7"]
[EventCountry "POR"]
[SourceTitle "CBM 167 Extra"]
[Source "ChessBase"]
[SourceDate "2015.09.14"]
[SourceVersion "1"]
[SourceVersionDate "2015.09.14"]
[SourceQuality "1"]

1. e4 d6 2. d4 Nf6 3. Nc3 g6 4. Nf3 Bg7 5. Be2 c6 6. a4 Nbd7 7. 0-0 0-0 8. Re1 Qc7 9. h3 e5 10. dxe5 dxe5 11. Bc4 a5 12. Be3 h6 13. Nh4 Kh7 14. Qf3 b6 15. Rad1 Bb7 16. Rd3 Rad8 17. Red1 Bc8 18. g4 Ng8 19. Bxf7 Ne7 20. Rd6 Bf6 21. Rxf6 Nxf6 22. Qxf6 Rxd1+ 23. Nxd1 Qd8 24. Nxg6 Be6 25. Nxf8+ Qxf8 26. Qxe6 1-0

[Event "Famalicao op 3rd"]
[Site "Famalicao"]
[Date "2015.08.03"]
[Round "2"]
[White "Martins, Diogo Faria Oliveir"]
[Black "Viana, Eduardo Escudeiro"]
[Result "1-0"]
[WhiteElo "1767"]
[BlackElo "1587"]
[PlyCount "85"]
[EventDate "2015.08.02"]
[EventType "swiss"]
[EventRounds "7"]
[EventCountry "POR"]
[SourceTitle "CBM 167 Extra"]
[Source "ChessBase"]
[SourceDate "2015.09.14"]
[SourceVersion "1"]
[SourceVersionDate "2015.09.14"]
[SourceQuality "1"]

1. e4 d6 2. d4 Nf6 3. Nc3 g6 4. Bd3 Bg7 5. Nge2 c6 6. 0-0 e5 7. dxe5 dxe5 8. h3 0-0 9. f4 Nbd7 10. Kh1 b5 11. f5 Nc5 12. Be3 Nxd3 13. Qxd3 Qxd3 14. cxd3 Ba6 15. Bc5 Rfe8 16. b4 Nd7 17. Be3 Bb7 18. a3 a5 19. g4 axb4 20. axb4 Rxa1 21. Rxa1 Ra8 22. Rxa8+ Bxa8 23. Nc1 Bf8 24. N1a2 f6 25. Kg2 Kf7 26. Kf3 g5 27. Ba7 Bd6 28. Ke3 Nb8 29. Bc5 Bxc5+ 30. bxc5 Na6 31. d4 b4 32. Na4 b3 33. Nc1 exd4+ 34. Kxd4 Nb4 35. Nxb3 Nc2+ 36. Kc3 Ne3 37. Na5 Nxg4 38. hxg4 h5 39. gxh5 Kg7 40. Nb6 Kh6 41. Nxa8 Kxh5 42. Nxc6 g4 43. Nd4 1-0

[Event "Coimbra op"]
[Site "Coimbra"]
[Date "2015.05.02"]
[Round "4"]
[White "Dias, Ivo Rodrigues"]
[Black "Viana, Eduardo Escudeiro"]
[Result "1-0"]
[WhiteElo "2151"]
[BlackElo "1570"]
[PlyCount "73"]
[EventDate "2015.04.30"]
[EventType "swiss"]
[EventRounds "7"]
[EventCountry "POR"]
[SourceTitle "CBM 166 Extra"]
[Source "ChessBase"]
[SourceDate "2015.06.18"]
[SourceVersion "1"]
[SourceVersionDate "2015.06.18"]
[SourceQuality "1"]

1. d4 g6 2. e4 Nf6 3. e5 Nd5 4. c4 Nb6 5. Nc3 d6 6. exd6 exd6 7. Be3 Bg7 8. Qd2 0-0 9. Be2 Re8 10. Nf3 c6 11. b3 Bf5 12. h3 a5 13. 0-0 Na6 14. g4 Bd7 15. Bg5 f6 16. Bf4 a4 17. Rfe1 Be6 18. Bf1 Qd7 19. Be3 d5 20. c5 Nc8 21. Nxa4 Nc7 22. Bf4 Bf7 23. Rxe8+ Bxe8 24. Nc3 b5 25. a4 f5 26. Bxc7 fxg4 27. Re1 gxf3 28. axb5 cxb5 29. Bg3 Ne7 30. Kh2 Nf5 31. Bxb5 Qf7 32. Bxe8 Rxe8 33. Rxe8+ Qxe8 34. Qf4 Nxg3 35. Kxg3 Qe1 36. Qxf3 Bxd4 37. Qxd5+ 1-0

[Event "POR-ch prel"]
[Site "Lisbon"]
[Date "2015.03.11"]
[Round "5"]
[White "Lopes, Jose Manuel Cidreir"]
[Black "Viana, Eduardo Escudeiro"]
[Result "1/2-1/2"]
[WhiteElo "1690"]
[BlackElo "1570"]
[PlyCount "64"]
[EventDate "2015.03.08"]
[EventType "swiss"]
[EventRounds "9"]
[EventCountry "POR"]
[SourceTitle "EXT 2018"]
[Source "ChessBase"]
[SourceDate "2017.10.13"]
[SourceVersion "1"]
[SourceVersionDate "2017.10.13"]
[SourceQuality "1"]

1. f4 d5 2. Nf3 g6 3. e3 Bg7 4. d4 Nf6 5. Bd3 c5 6. c3 0-0 7. 0-0 Nc6 8. Nbd2 cxd4 9. exd4 a6 10. Qe1 Qc7 11. Ne5 Bf5 12. Bxf5 gxf5 13. Qh4 e6 14. h3 Ne7 15. g4 Ng6 16. Qg3 Ne4 17. Nxe4 dxe4 18. gxf5 exf5 19. h4 Kh8 20. Nxg6+ fxg6 21. Kf2 Rg8 22. Be3 Rad8 23. Rh1 Rd7 24. h5 gxh5 25. Rxh5 Bxd4 26. Bxd4+ Rxd4 27. Qh4 Rd2+ 28. Ke3 Rd3+ 29. Ke2 Rdg3 30. Qf6+ R8g7 31. Qf8+ Rg8 32. Qf6+ R8g7 1/2-1/2

[Event "POR-ch prel"]
[Site "Lisbon"]
[Date "2015.03.08"]
[Round "2"]
[White "Viana, Eduardo Escudeiro"]
[Black "Fonte Santa, Jose Manuel Cardoso"]
[Result "0-1"]
[WhiteElo "1570"]
[BlackElo "1819"]
[PlyCount "60"]
[EventDate "2015.03.08"]
[EventType "swiss"]
[EventRounds "9"]
[EventCountry "POR"]
[SourceTitle "EXT 2018"]
[Source "ChessBase"]
[SourceDate "2017.10.13"]
[SourceVersion "1"]
[SourceVersionDate "2017.10.13"]
[SourceQuality "1"]

1. d4 Nf6 2. c4 c5 3. d5 b5 4. Qc2 d6 5. e4 b4 6. h3 g6 7. Bd3 Bg7 8. Nf3 Nbd7 9. 0-0 0-0 10. Bg5 a5 11. Nbd2 h6 12. Bf4 Qc7 13. Rab1 a4 14. Rfe1 Nh5 15. Bh2 Ne5 16. Nxe5 dxe5 17. Nf1 Nf4 18. Ne3 Qd6 19. Be2 h5 20. Bf1 Qf6 21. Kh1 Bh6 22. Bg1 Kh8 23. Kh2 Rg8 24. g3 g5 25. gxf4 gxf4 26. Nf5 Qg5 27. Ng3 fxg3+ 28. Kg2 gxf2+ 29. Kxf2 Qxg1+ 30. Ke2 Rg3 0-1

[Event "POR-ch Seniors rapid"]
[Site "Sao Pedro do Sul"]
[Date "2015.01.10"]
[Round "5"]
[White "Carneiro, Carlos Alberto Carv"]
[Black "Viana, Eduardo Escudeiro"]
[Result "1-0"]
[WhiteElo "2225"]
[BlackElo "1578"]
[PlyCount "39"]
[EventDate "2015.01.10"]
[EventType "swiss (rapid)"]
[EventRounds "6"]
[EventCountry "POR"]
[SourceTitle "EXT 2018"]
[Source "ChessBase"]
[SourceDate "2017.10.13"]
[SourceVersion "1"]
[SourceVersionDate "2017.10.13"]
[SourceQuality "1"]

1. d4 Nf6 2. c4 c5 3. d5 e6 4. Nc3 exd5 5. cxd5 d6 6. g3 g6 7. Bg2 Bg7 8. Nf3 0-0 9. 0-0 a6 10. a4 Nbd7 11. Nd2 Re8 12. Nc4 Qe7 13. h3 Rb8 14. a5 b5 15. axb6 Nxb6 16. Na5 Bb7 17. Nc6 Bxc6 18. dxc6 Nc4 19. b3 Na5 20. Rxa5 1-0

[Event "Monte Alegre Potiguar-ch"]
[Site "Monte Alegre"]
[Date "2013.05.26"]
[Round "4"]
[White "Viana, Eduardo Escudeiro"]
[Black "Dos Santos, Layzy Barbosa"]
[Result "1-0"]
[WhiteElo "1797"]
[BlackElo "1800"]
[PlyCount "57"]
[EventDate "2013.05.25"]
[EventType "swiss"]
[EventRounds "5"]
[EventCountry "BRA"]
[SourceTitle "EXT 2015"]
[Source "ChessBase"]
[SourceDate "2014.11.20"]
[SourceVersion "1"]
[SourceVersionDate "2014.11.20"]
[SourceQuality "1"]

1. e4 e5 2. Nc3 Nc6 3. Bc4 Nf6 4. d3 Bb4 5. a3 Bc5 6. Be3 b6 7. b4 Bxe3 8. fxe3 d6 9. Nf3 Bg4 10. 0-0 0-0 11. Qe1 a6 12. Qh4 h6 13. Rf2 b5 14. Bb3 Bh5 15. Raf1 Ne7 16. Nxe5 dxe5 17. Rxf6 Bg6 18. R6f3 Kh8 19. Bxf7 Bxf7 20. Rxf7 Rxf7 21. Rxf7 Ng6 22. Qxd8+ Rxd8 23. Rxc7 Nf8 24. Nd5 Ne6 25. Re7 Ng5 26. Rxe5 Nf7 27. Re6 Rc8 28. c3 Ra8 29. d4 1-0

[Event "Monte Alegre Potiguar-ch"]
[Site "Monte Alegre"]
[Date "2013.05.25"]
[Round "1"]
[White "Oliveira Jr, Antonio Fernandes"]
[Black "Viana, Eduardo Escudeiro"]
[Result "0-1"]
[WhiteElo "1852"]
[BlackElo "1797"]
[PlyCount "84"]
[EventDate "2013.05.25"]
[EventType "swiss"]
[EventRounds "5"]
[EventCountry "BRA"]
[SourceTitle "EXT 2015"]
[Source "ChessBase"]
[SourceDate "2014.11.20"]
[SourceVersion "1"]
[SourceVersionDate "2014.11.20"]
[SourceQuality "1"]

1. d4 Nf6 2. c4 e6 3. Nf3 b6 4. g3 Bb4+ 5. Bd2 Qe7 6. Bg2 Nc6 7. 0-0 Bb7 8. Nc3 Na5 9. Nb5 0-0 10. Rc1 a6 11. Nc3 Nxc4 12. b3 Nxd2 13. Nxd2 Bxg2 14. Kxg2 d5 15. Re1 c5 16. dxc5 bxc5 17. Ncb1 Ne4 18. f3 Nxd2 19. Nxd2 Rad8 20. Qc2 Rc8 21. Red1 Qf6 22. e4 Ba3 23. Rb1 Bb4 24. Rbc1 h6 25. exd5 exd5 26. Nb1 d4 27. a3 Ba5 28. Nd2 Bb6 29. Ne4 Qe6 30. Qc4 Qxc4 31. Rxc4 f5 32. Nf2 Rfe8 33. Rd2 Re3 34. Nd3 Rce8 35. Kf2 Ba5 36. b4 cxb4 37. axb4 Bb6 38. Nc5 d3 39. Re4 R3xe4 40. fxe4 fxe4 41. Ke1 a5 42. Nd7 Be3 0-1